Statistiques concernant Culture Générale - Série 42

Cliquez ici pour prendre le quiz!

Statistiques générales

  • Ce quiz a été pris 495 fois
  • Le résultat moyen est 3 sur 10

Statistiques - réponses

QuestionRéponse% Correct
Dans quel pays est né Yves Montand ?Italie
76%
Qui a réalisé "Rencontres du troisième type" ?Steven Spielberg
60%
Qui a réalisé "Barry Lindon " ?Stanley Kubrick
41%
Quelle actrice a été surnommée "L'ange bleu" ?Marlene Dietrich
40%
Dans le film "Le cercle rouge", qui incarne le Commissaire Mattei ?Bourvil
31%
Quelle actrice a été surnommée "La divine" ?Greta Garbo
31%
Qui a réalisé les films "Etat de siège" et "L'aveu" ?Costa Gavras
18%
Dans le film “Le tatoué”, Jean Gabin a un tatouage sur le corps. Ce tatouage est de :Modigliani
18%
Dans quelle ville se déroule l'action du "3° homme" ?Vienne
12%
Dans quelle ville se déroule l'action du film "L'aveu" ?Prague
9%

Distribution des résultats

Percentile par nombre de réponses

% des personnes avec chaque résultat

Votre développement - résultats

Vous n’avez pas pris ce quiz